Физика: учебник для 8 класса средней школы

Détails bibliographiques
Auteur principal: Кикоин И. К. Исаак Константинович
Autres auteurs: Кикоин А. К. Абрам Константинович
Résumé:Исключено из фонда НТБ ТПУ
Langue:russe
Publié: Москва, Просвещение, 1986
Édition:8-е изд., перераб.
Format: Livre
KOHA link:https://koha.lib.tpu.ru/cgi-bin/koha/opac-detail.pl?biblionumber=40383

MARC

LEADER 00000nam0a2200000 4500
001 40383
005 20231031012732.0
035 |a (RuTPU)RU\TPU\book\41430 
090 |a 40383 
100 |a 20020514d1986 a y0rusy50 ca 
101 0 |a rus 
102 |a RU 
105 |a a j 001zy 
200 1 |a Физика  |e учебник для 8 класса средней школы  |f И. К. Кикоин, А. К. Кикоин 
205 |a 8-е изд., перераб. 
210 |a Москва  |c Просвещение  |d 1986 
215 |a 238 с.  |c ил. 
320 |a Предм. указ.: с. 236-238. 
333 |a Исключено из фонда НТБ ТПУ 
700 1 |a Кикоин  |b И. К.  |g Исаак Константинович 
701 1 |a Кикоин  |b А. К.  |g Абрам Константинович 
801 1 |a RU  |b 63413507  |c 20020514  |g PSBO 
801 2 |a RU  |b 63413507  |c 20110203  |g PSBO 
942 |c BK